[Event "Titled Tuesday intern op 06th May Early"]
[Site "Chess.com INT"]
[Date "2025.05.06"]
[Round "10"]
[White "Alavkin, Arseny Nailievich"]
[Black "Sakun, Volodymyr"]
[Result "1-0"]
[WhiteElo "2367"]
[BlackElo "2301"]
[PlyCount "63"]
[EventDate "2025.05.06"]
[EventType "swiss (blitz)"]
[EventRounds "11"]
[EventCountry "USA"]
[SourceTitle "CB20_2025"]
[SourceDate "2025.05.14"]
[SourceVersion "1"]
[SourceVersionDate "2025.05.14"]
[SourceQuality "1"]

1. d4 Nf6 2. c4 e6 3. Nc3 Bb4 4. f3 d5 5. a3 Be7 6. e4 c5 7. dxc5 d4 8. Nce2 e5 9. b4 Nh5 10. g3 f5 11. exf5 Bxf5 12. g4 Bh4+ 13. Kd2 Qg5+ 14. f4 Qxg4 15. Bh3 Qg6 16. Nf3 Bxh3 17. Nxh4 Qg4 18. Ng3 Qxf4+ 19. Kc2 Qf2+ 20. Kb3 Nf6 21. Ra2 Qxa2+ 22. Kxa2 0-0 23. Re1 Nc6 24. Nhf5 g6 25. Nd6 Be6 26. Qd3 Ng4 27. Rf1 a5 28. b5 Ne7 29. h3 Nf2 30. Qe2 Nxh3 31. Rxf8+ Kxf8 32. Qxe5 1-0

[Event "Titled Tuesday intern op 06th May Early"]
[Site "Chess.com INT"]
[Date "2025.05.06"]
[Round "4"]
[White "Olhovik, Andrei"]
[Black "Sakun, Volodymyr"]
[Result "1-0"]
[WhiteElo "2282"]
[BlackElo "2301"]
[PlyCount "45"]
[EventDate "2025.05.06"]
[EventType "swiss (blitz)"]
[EventRounds "11"]
[EventCountry "USA"]
[SourceTitle "CB20_2025"]
[SourceDate "2025.05.14"]
[SourceVersion "1"]
[SourceVersionDate "2025.05.14"]
[SourceQuality "1"]

1. d4 d5 2. c4 e6 3. Nc3 Nf6 4. cxd5 exd5 5. Bg5 Be7 6. e3 h6 7. Bh4 c6 8. Bd3 Nbd7 9. Nf3 0-0 10. 0-0 Ne4 11. Bxe7 Qxe7 12. Bxe4 dxe4 13. Nd2 Nf6 14. Qc2 Bf5 15. Rae1 Qe6 16. f3 exf3 17. e4 fxg2 18. Rxf5 Rad8 19. Nf3 Qc4 20. Qd2 Rfe8 21. Rxf6 gxf6 22. Qxh6 Qe6 23. Re2 1-0

[Event "Titled Tuesday intern op 06th May Early"]
[Site "Chess.com INT"]
[Date "2025.05.06"]
[Round "6"]
[White "Sakun, Volodymyr"]
[Black "Chekletsov, Ilya"]
[Result "1-0"]
[WhiteElo "2301"]
[BlackElo "2338"]
[PlyCount "55"]
[EventDate "2025.05.06"]
[EventType "swiss (blitz)"]
[EventRounds "11"]
[EventCountry "USA"]
[SourceTitle "CB20_2025"]
[SourceDate "2025.05.14"]
[SourceVersion "1"]
[SourceVersionDate "2025.05.14"]
[SourceQuality "1"]

1. e4 c5 2. d4 cxd4 3. Qxd4 Nc6 4. Qd3 e6 5. Nc3 Nf6 6. a3 a6 7. Qg3 d5 8. exd5 exd5 9. Bd3 Be6 10. Nge2 Bd6 11. Qxg7 Rg8 12. Qh6 Rxg2 13. h3 Bf8 14. Qf4 Rg8 15. Be3 Bd6 16. Qh4 Ne5 17. Nd4 Nxd3+ 18. cxd3 Qe7 19. Nxe6 fxe6 20. Bg5 Rf8 21. 0-0-0 Rc8 22. Kb1 Bxa3 23. Nxd5 Qc5 24. Nxf6+ Rxf6 25. Rc1 Rxf2 26. Rxc5 Rxb2+ 27. Ka1 Rxc5 28. Qa4+ 1-0

[Event "Titled Tuesday intern op 06th May Early"]
[Site "Chess.com INT"]
[Date "2025.05.06"]
[Round "3"]
[White "Sakun, Volodymyr"]
[Black "Hua, Eugene"]
[Result "1-0"]
[WhiteElo "2301"]
[BlackElo "2240"]
[PlyCount "69"]
[EventDate "2025.05.06"]
[EventType "swiss (blitz)"]
[EventRounds "11"]
[EventCountry "USA"]
[SourceTitle "CB20_2025"]
[SourceDate "2025.05.14"]
[SourceVersion "1"]
[SourceVersionDate "2025.05.14"]
[SourceQuality "1"]

1. e4 c5 2. d4 cxd4 3. Qxd4 Nf6 4. Qd3 d6 5. Nc3 g6 6. h3 Bg7 7. Nf3 0-0 8. Be2 Nbd7 9. Bg5 b6 10. 0-0 Bb7 11. Qe3 Rc8 12. Rad1 Rxc3 13. Qxc3 Nxe4 14. Qa3 Qa8 15. Be3 Rc8 16. c3 Ndf6 17. Rfe1 Nd5 18. Ba6 e6 19. Bxb7 Qxb7 20. Bd4 Nf4 21. Bxg7 Kxg7 22. Qb4 d5 23. Qd4+ f6 24. Qe3 g5 25. Nd4 Kf7 26. Ne2 e5 27. Nxf4 gxf4 28. Qd3 Rc5 29. f3 Ng5 30. h4 e4 31. Qe2 exf3 32. Qe8+ Kg7 33. Re7+ Qxe7 34. Qxe7+ Kh6 35. Qxf6+ 1-0

[Event "Titled Tuesday intern op 06th May Early"]
[Site "Chess.com INT"]
[Date "2025.05.06"]
[Round "2"]
[White "Wanyama, Harold"]
[Black "Sakun, Volodymyr"]
[Result "0-1"]
[WhiteElo "2132"]
[BlackElo "2301"]
[PlyCount "112"]
[EventDate "2025.05.06"]
[EventType "swiss (blitz)"]
[EventRounds "11"]
[EventCountry "USA"]
[SourceTitle "CB20_2025"]
[SourceDate "2025.05.14"]
[SourceVersion "1"]
[SourceVersionDate "2025.05.14"]
[SourceQuality "1"]

1. d4 d5 2. c4 e6 3. g3 Nf6 4. Bg2 dxc4 5. Nf3 a6 6. a4 Bb4+ 7. Bd2 c5 8. dxc5 Nc6 9. 0-0 Bxc5 10. Qc2 0-0 11. Qxc4 Ba7 12. Nc3 Bd7 13. Rad1 Rc8 14. Qa2 h6 15. e4 Qe7 16. e5 Ng4 17. Bf4 g5 18. Bc1 Ncxe5 19. Nxe5 Nxe5 20. Bxb7 Rb8 21. Bg2 Bc6 22. Bxc6 Nxc6 23. Ne4 Nd4 24. Be3 e5 25. Bxd4 Bxd4 26. Rd2 Kh8 27. Re1 f5 28. Nc3 Qc5 29. Qd5 Qxd5 30. Nxd5 Rxb2 31. Rxb2 Bxb2 32. Rb1 Bd4 33. Nc7 Rc8 34. Rb7 e4 35. Kf1 f4 36. gxf4 gxf4 37. Ke2 f3+ 38. Ke1 Be5 39. Nd5 Rc4 40. h4 Rxa4 41. h5 Bd4 42. Ne7 Ra2 43. Ng6+ Kg8 44. Ne7+ Kf8 45. Ng6+ Ke8 46. Re7+ Kd8 47. Rxe4 Bxf2+ 48. Kd1 Bc5 49. Rf4 f2 50. Ne5 Ra1+ 51. Ke2 Re1+ 52. Kd3 f1Q+ 53. Rxf1 Rxf1 54. Kc4 Bf8 55. Ng6 Bg7 56. Kb4 Rf5 0-1

[Event "Titled Tuesday intern op 01st Apr Early"]
[Site "Chess.com INT"]
[Date "2025.04.01"]
[Round "11"]
[White "Sakun, Volodymyr"]
[Black "Vaganian, Rafael A"]
[Result "1-0"]
[WhiteElo "2301"]
[BlackElo "2449"]
[PlyCount "85"]
[EventDate "2025.04.01"]
[EventType "swiss (blitz)"]
[EventRounds "11"]
[EventCountry "USA"]
[SourceTitle "CB15_2025"]
[SourceDate "2025.04.09"]
[SourceVersion "1"]
[SourceVersionDate "2025.04.09"]
[SourceQuality "1"]

1. d4 e6 2. Nf3 Nf6 3. e3 b6 4. Bd3 Bb7 5. Nbd2 Be7 6. e4 c5 7. c3 cxd4 8. cxd4 d5 9. e5 Ne4 10. Qe2 Nxd2 11. Bxd2 0-0 12. h4 h6 13. g4 a5 14. g5 h5 15. g6 Ba6 16. Bxa6 Nxa6 17. Rg1 Qe8 18. Ng5 Bxg5 19. gxf7+ Qxf7 20. Rxg5 Qf3 21. Qxf3 Rxf3 22. Ke2 Rh3 23. Rag1 Ra7 24. Rxh5 Rc7 25. Bc3 b5 26. Bxa5 Rc2+ 27. Bd2 Nc7 28. Rc1 Rxc1 29. Bxc1 Rh1 30. Bd2 Rb1 31. Bc3 b4 32. Bxb4 Rxb2+ 33. Bd2 Nb5 34. Kd3 Nxd4 35. Bc3 Ne2 36. Bxb2 Nf4+ 37. Ke3 Nxh5 38. a4 g5 39. hxg5 Ng7 40. a5 Nf5+ 41. Kd3 Ne7 42. a6 Nc6 43. Ke3 1-0

[Event "Titled Tuesday intern op 24th Sep Early"]
[Site "Chess.com INT"]
[Date "2024.09.24"]
[Round "4"]
[White "Sakun, Volodymyr"]
[Black "Turcsanyi, Vince Gergo"]
[Result "1-0"]
[WhiteElo "2301"]
[BlackElo "2223"]
[PlyCount "55"]
[EventDate "2024.09.24"]
[EventType "swiss (blitz)"]
[EventRounds "11"]
[EventCountry "USA"]
[SourceTitle "EXT 2025"]
[Source "ChessBase"]
[SourceDate "2024.10.14"]
[SourceVersion "1"]
[SourceVersionDate "2024.10.14"]
[SourceQuality "1"]

1. Nf3 Nf6 2. e3 e6 3. b3 d5 4. Bb2 Be7 5. c4 0-0 6. cxd5 exd5 7. d4 c6 8. Bd3 Bg4 9. h3 Bh5 10. 0-0 Re8 11. Nbd2 Nbd7 12. Qc2 Bd6 13. a3 a5 14. Rfe1 Nf8 15. Ne5 Bg6 16. Bxg6 Nxg6 17. f4 Nf8 18. e4 dxe4 19. Nxe4 Nxe4 20. Rxe4 Nd7 21. Rae1 Nf6 22. R4e2 Nd5 23. g3 Bf8 24. Nxf7 Kxf7 25. Rxe8 Qxe8 26. Rxe8 Rxe8 27. Qxh7 Re2 28. Qh5+ 1-0

[Event "Titled Tuesday intern op 17th Sep Early"]
[Site "Chess,com INT"]
[Date "2024.09.17"]
[Round "6"]
[White "Garrido, Denis"]
[Black "Sakun, Volodymyr"]
[Result "1-0"]
[WhiteElo "2230"]
[BlackElo "2301"]
[PlyCount "167"]
[EventDate "2024.09.17"]
[EventType "swiss (blitz)"]
[EventRounds "11"]
[EventCountry "USA"]
[SourceTitle "EXT 2025"]
[Source "ChessBase"]
[SourceDate "2024.10.14"]
[SourceVersion "1"]
[SourceVersionDate "2024.10.14"]
[SourceQuality "1"]

1. e4 e5 2. Nf3 Nc6 3. Bc4 Bc5 4. c3 Nf6 5. d3 h6 6. 0-0 d6 7. a4 a5 8. d4 Bb6 9. Bb5 Bd7 10. dxe5 dxe5 11. Na3 0-0 12. Qe2 Qe7 13. Nc4 Bc5 14. Ne3 Rfe8 15. Rd1 Rad8 16. Nd5 Nxd5 17. Rxd5 Bd6 18. Be3 b6 19. Rad1 Nb8 20. g3 Kh7 21. Kg2 Bxb5 22. axb5 Nd7 23. Nh4 Nf6 24. Nf5 Qf8 25. R5d3 Be7 26. Qf3 Rxd3 27. Rxd3 Rd8 28. Rxd8 Qxd8 29. Qe2 Bf8 30. f3 g6 31. Nh4 Be7 32. Kf2 Nd7 33. Ng2 Nc5 34. Ne1 Qd7 35. Kg2 f5 36. exf5 Qxf5 37. Nc2 Qd3 38. Qxd3 Nxd3 39. b3 Bc5 40. Kf1 Bxe3 41. Nxe3 Nc5 42. b4 axb4 43. cxb4 Nd3 44. Nd5 Kg7 45. Ke2 Nb2 46. Nxc7 Kf7 47. Nd5 Nc4 48. Kd3 Nd6 49. Nxb6 Nxb5 50. Ke4 Ke6 51. Nc4 Nc3+ 52. Kd3 Nb5 53. Nd2 Nd4 54. f4 Kd5 55. fxe5 Kxe5 56. Nc4+ Kd5 57. Ne3+ Ke5 58. Ng4+ Kd5 59. Nxh6 Nc6 60. b5 Na7 61. Ke3 Nxb5 62. Kf4 Ke6 63. Kg5 Nd4 64. h4 Ne2 65. g4 Nd4 66. Kxg6 Nf3 67. h5 Ne5+ 68. Kg5 Ke7 69. Nf5+ Kf8 70. Kf4 Nf7 71. g5 Nd8 72. g6 Ne6+ 73. Ke5 Ng5 74. Kf6 Ne4+ 75. Ke5 Ng5 76. h6 Kg8 77. Kf4 Ne6+ 78. Kg4 Nf8 79. Kg5 Ne6+ 80. Kf6 Nf4 81. Ne7+ Kh8 82. g7+ Kh7 83. g8Q+ Kxh6 84. Nf5+ 1-0

[Event "Titled Tuesday intern op 17th Sep Early"]
[Site "Chess,com INT"]
[Date "2024.09.17"]
[Round "5"]
[White "Reprintsev, Alexander"]
[Black "Sakun, Volodymyr"]
[Result "0-1"]
[WhiteElo "2230"]
[BlackElo "2301"]
[PlyCount "81"]
[EventDate "2024.09.17"]
[EventType "swiss (blitz)"]
[EventRounds "11"]
[EventCountry "USA"]
[SourceTitle "EXT 2025"]
[Source "ChessBase"]
[SourceDate "2024.10.14"]
[SourceVersion "1"]
[SourceVersionDate "2024.10.14"]
[SourceQuality "1"]

1. e4 e5 2. f4 d5 3. exd5 exf4 4. Nf3 Nf6 5. Bb5+ c6 6. dxc6 Nxc6 7. Nc3 Bd6 8. Qe2+ Be6 9. Nd4 0-0 10. Nxe6 fxe6 11. Bxc6 bxc6 12. b3 e5 13. Bb2 e4 14. 0-0-0 Re8 15. Qc4+ Kh8 16. Qxc6 Rc8 17. Qa4 Qb6 18. Rhe1 Qb7 19. Nb5 Qc6 20. c4 Bc5 21. Nc3 e3 22. Qxc6 Rxc6 23. dxe3 fxe3 24. Ne2 Ng4 25. Rd7 Nf6 26. Bxf6 Rxf6 27. Rd5 Bb4 28. Red1 Rf2 29. Rd8 Rg8 30. Rxg8+ Kxg8 31. Rd8+ Kf7 32. Kd1 Rf1+ 33. Kc2 Re1 34. Ng3 e2 35. Nxe2 Rxe2+ 36. Kb1 a5 37. Rd7+ Kf6 38. g4 Rxh2 39. Rd5 Rg2 40. c5 Rd2 41. Rg5 0-1

[Event "Titled Tuesday intern op 17th Sep Early"]
[Site "Chess,com INT"]
[Date "2024.09.17"]
[Round "9"]
[White "Sakun, Volodymyr"]
[Black "Garcia Almaguer, Juan Manuel"]
[Result "1-0"]
[WhiteElo "2301"]
[BlackElo "2120"]
[PlyCount "109"]
[EventDate "2024.09.17"]
[EventType "swiss (blitz)"]
[EventRounds "11"]
[EventCountry "USA"]
[SourceTitle "EXT 2025"]
[Source "ChessBase"]
[SourceDate "2024.10.14"]
[SourceVersion "1"]
[SourceVersionDate "2024.10.14"]
[SourceQuality "1"]

1. d4 d5 2. c4 e6 3. Nf3 Nf6 4. g3 dxc4 5. Bg2 a6 6. a4 Nc6 7. 0-0 Be7 8. Qc2 Na5 9. Nbd2 0-0 10. Nxc4 Nxc4 11. Qxc4 Qd5 12. Qxc7 Bd6 13. Qc2 Qa5 14. Bd2 Bb4 15. Bxb4 Qxb4 16. Qc3 Nd5 17. Qxb4 Nxb4 18. Ne5 f6 19. Nc4 a5 20. Nb6 Rb8 21. Rac1 Rd8 22. Rc7 e5 23. dxe5 fxe5 24. Nc4 b6 25. Nxe5 Ba6 26. Nd7 Rbc8 27. Rxc8 Rxc8 28. Nxb6 Rc2 29. Nd5 Rxb2 30. Rc1 Bxe2 31. Rc8+ Kf7 32. Rc7+ Kf8 33. h4 Bd1 34. Ra7 Nc6 35. Ra6 Bxa4 36. Nc3 Nb4 37. Ra8+ Be8 38. Na4 Rb1+ 39. Kh2 Ra1 40. Nc5 Ke7 41. Ra7+ Kd6 42. Ne4+ Ke6 43. Ng5+ Kf6 44. Nxh7+ Kg6 45. Be4+ Kh6 46. Ng5 Ra2 47. Ra8 Rxf2+ 48. Kg1 Rf8 49. Rxa5 g6 50. Re5 Nc6 51. Bxc6 Bxc6 52. Re7 Rh8 53. Nf7+ Kg7 54. Nxh8+ Kf6 55. Rf7+ 1-0

[Event "Titled Tuesday intern op 17th Sep Early"]
[Site "Chess,com INT"]
[Date "2024.09.17"]
[Round "7"]
[White "Sakun, Volodymyr"]
[Black "Paragua, Megan Althea"]
[Result "1-0"]
[WhiteElo "2301"]
[BlackElo "2190"]
[PlyCount "83"]
[EventDate "2024.09.17"]
[EventType "swiss (blitz)"]
[EventRounds "11"]
[EventCountry "USA"]
[SourceTitle "EXT 2025"]
[Source "ChessBase"]
[SourceDate "2024.10.14"]
[SourceVersion "1"]
[SourceVersionDate "2024.10.14"]
[SourceQuality "1"]

1. e4 c5 2. Nf3 d6 3. Bb5+ Bd7 4. Bxd7+ Qxd7 5. 0-0 Nf6 6. Qe2 Nc6 7. c3 e6 8. d4 cxd4 9. cxd4 Be7 10. Nc3 0-0 11. Rd1 a6 12. Bf4 b5 13. d5 exd5 14. Nxd5 Nxd5 15. Rxd5 Qe6 16. a3 Rfe8 17. Rad1 Rad8 18. Qd3 Na5 19. b3 Nb7 20. b4 Bf6 21. Re1 h6 22. h3 Rd7 23. e5 Bg5 24. Bxg5 hxg5 25. exd6 Qxe1+ 26. Nxe1 Rxe1+ 27. Kh2 Re6 28. Qf5 Nxd6 29. Qxg5 Ne4 30. Qf5 g6 31. Qxe6 fxe6 32. Rxd7 Nxf2 33. Rd6 Kf7 34. Rxa6 Nd3 35. Rb6 e5 36. Kg1 e4 37. Kf1 Ne5 38. Rxb5 Nc4 39. Rc5 Ne3+ 40. Kf2 Nd1+ 41. Ke2 Nb2 42. b5 1-0

[Event "Titled Tuesday intern op 19th Mar Early"]
[Site "Chess.com INT"]
[Date "2024.03.19"]
[Round "3"]
[White "Kovalev, Vladislav"]
[Black "Sakun, Volodymyr"]
[Result "1/2-1/2"]
[WhiteElo "2560"]
[BlackElo "2301"]
[PlyCount "134"]
[EventDate "2024.03.19"]
[EventType "swiss (blitz)"]
[EventRounds "11"]
[EventCountry "USA"]
[SourceTitle "EXT 2025"]
[Source "ChessBase"]
[SourceDate "2024.10.14"]
[SourceVersion "1"]
[SourceVersionDate "2024.10.14"]
[SourceQuality "1"]

1. e4 e5 2. Nf3 Nc6 3. Bb5 a6 4. Ba4 Nf6 5. 0-0 Be7 6. d3 b5 7. Bb3 d6 8. a3 0-0 9. Nc3 h6 10. h3 Be6 11. Nd5 Na5 12. Ba2 Nxd5 13. exd5 Bd7 14. Bd2 Nb7 15. Re1 Kh8 16. d4 f6 17. Nh4 Qe8 18. Qf3 f5 19. Qg3 Bxh4 20. Qxh4 f4 21. dxe5 dxe5 22. Bc3 Rf5 23. Re2 Nd6 24. Rae1 Nf7 25. f3 Kh7 26. Kh2 g5 27. Qf2 Qe7 28. Ba5 Qd6 29. Bb4 Qf6 30. Qc5 Qd6 31. c4 Qxc5 32. Bxc5 Rb8 33. Bb1 bxc4 34. Bxf5+ Bxf5 35. Bb4 Rb5 36. Bc3 Bd3 37. Rxe5 Nxe5 38. Rxe5 Kg6 39. g4 fxg3+ 40. Kxg3 Rb6 41. f4 Rd6 42. fxg5 hxg5 43. Re7 Rxd5 44. Rxc7 Rd6 45. Rc5 Bf5 46. Rxc4 Rd3+ 47. Kf2 Bxh3 48. Rc6+ Kf5 49. Rxa6 g4 50. Ra5+ Ke4 51. Ra4+ Kf5 52. Ra5+ Ke4 53. Be5 Rf3+ 54. Ke2 Bf1+ 55. Kd2 g3 56. Bxg3 Rxg3 57. Ra8 Rg2+ 58. Kc3 Rg3+ 59. Kb4 Bd3 60. Rd8 Bc2 61. Re8+ Kd5 62. Rd8+ Ke6 63. Rc8 Rb3+ 64. Ka5 Rxb2 65. a4 Ra2 66. Rc4 Rxa4+ 67. Rxa4 Bxa4 1/2-1/2

[Event "Titled Tuesday intern op 19th Mar Early"]
[Site "Chess.com INT"]
[Date "2024.03.19"]
[Round "11"]
[White "Szpar, Milosz"]
[Black "Sakun, Volodymyr"]
[Result "1-0"]
[WhiteElo "2495"]
[BlackElo "2301"]
[PlyCount "45"]
[EventDate "2024.03.19"]
[EventType "swiss (blitz)"]
[EventRounds "11"]
[EventCountry "USA"]
[SourceTitle "EXT 2025"]
[Source "ChessBase"]
[SourceDate "2024.10.14"]
[SourceVersion "1"]
[SourceVersionDate "2024.10.14"]
[SourceQuality "1"]

1. d4 d5 2. c4 e6 3. Nf3 Nf6 4. g3 Bb4+ 5. Nc3 dxc4 6. Bg2 0-0 7. 0-0 Nc6 8. Qa4 Bd7 9. Rd1 a5 10. Qc2 h6 11. e4 Rb8 12. e5 Nd5 13. Ne4 b5 14. g4 f5 15. exf6 Nxf6 16. g5 Nd5 17. gxh6 Qe7 18. Bg5 Qf7 19. hxg7 Qxg7 20. Kh1 Rxf3 21. Bxf3 Nxd4 22. Rxd4 Qxd4 23. Nf6+ 1-0

[Event "Lvov Ukrainian Chess Warriors"]
[Site "Lvov"]
[Date "2024.03.15"]
[Round "1"]
[White "Sakun, Volodymyr"]
[Black "Telyuk, Anastasiya"]
[Result "1-0"]
[WhiteElo "2301"]
[BlackElo "1563"]
[PlyCount "75"]
[EventDate "2024.03.15"]
[EventType "swiss (rapid)"]
[EventRounds "8"]
[EventCountry "UKR"]
[SourceTitle "CBM 219 Extra"]
[Source "ChessBase"]
[SourceDate "2024.05.31"]
[SourceVersion "1"]
[SourceVersionDate "2024.05.31"]
[SourceQuality "1"]

1. Nf3 e6 2. d4 f5 3. g3 c6 4. Bg2 d5 5. 0-0 Nf6 6. c4 Be7 7. b3 0-0 8. Ba3 Bd7 9. Ne5 Be8 10. Bxe7 Qxe7 11. Nd2 Bh5 12. Re1 Nbd7 13. Nd3 Rae8 14. Nf3 Ne4 15. Qc2 Qf6 16. Nfe5 Nxe5 17. Nxe5 Qe7 18. f3 Nf6 19. Qd2 Nd7 20. Nd3 Nb6 21. Rac1 Nd7 22. Nf4 Bf7 23. e4 dxc4 24. exf5 e5 25. bxc4 Qd6 26. Ne2 exd4 27. Qxd4 Qxd4+ 28. Nxd4 Ne5 29. Bf1 c5 30. f4 Ng4 31. Ne6 Bxe6 32. fxe6 Rf6 33. Bg2 Kf8 34. Bxb7 Rfxe6 35. Rxe6 Rxe6 36. Bc8 Rg6 37. Bf5 Rf6 38. Bxg4 1-0

[Event "Titled Tuesday intern op 06th Feb Early"]
[Site "Chess.com INT"]
[Date "2024.02.06"]
[Round "7"]
[White "Sakun, Volodymyr"]
[Black "Guzman Lozano, Campo Elias"]
[Result "1/2-1/2"]
[WhiteElo "2301"]
[BlackElo "1837"]
[PlyCount "159"]
[EventDate "2024.02.06"]
[EventType "swiss (blitz)"]
[EventRounds "11"]
[EventCountry "USA"]
[SourceTitle "CBM 218 Extra"]
[Source "ChessBase"]
[SourceDate "2024.03.31"]
[SourceVersion "1"]
[SourceVersionDate "2024.03.31"]
[SourceQuality "1"]

1. d4 Nf6 2. c4 e6 3. Nf3 b6 4. g3 Bb7 5. Bg2 Bb4+ 6. Bd2 a5 7. 0-0 0-0 8. Nc3 Re8 9. Re1 Bf8 10. e4 d6 11. Qe2 Nfd7 12. Rad1 Nc6 13. a3 Ne7 14. h4 h6 15. Qd3 g6 16. h5 Bg7 17. hxg6 Nxg6 18. Be3 Nf6 19. Nh2 e5 20. d5 Bc8 21. Qd2 Kh7 22. Bf3 Ng8 23. Kg2 f5 24. exf5 Bxf5 25. Be4 Qf6 26. Rh1 Rf8 27. Qd3 N8e7 28. Rdf1 Kg8 29. Bxf5 Nxf5 30. Ng4 Nxe3+ 31. Qxe3 Qg5 32. Nxh6+ Bxh6 33. Rxh6 Nf4+ 34. Kg1 Qxh6 35. gxf4 Rxf4 36. Ne4 Kf7 37. Ng3 Rg8 38. Rc1 Qh3 39. Rc3 Rh4 40. Qf3+ Ke7 41. Qg2 Qg4 42. Rf3 Rhh8 43. Nf5+ Kd8 44. Ng3 Qxc4 45. Rc3 Qd4 46. Qf3 Rf8 47. Qe2 Rf4 48. Rd3 Qc4 49. Kg2 Rfh4 50. Qd2 Rh2+ 51. Kg1 Qh4 52. Kf1 Qh3+ 53. Ke1 Rg2 54. Qg5+ Kc8 55. Rc3 Rg1+ 56. Ke2 Rf8 57. Qe7 Rxf2+ 58. Kxf2 Qg2+ 59. Ke3 Qxg3+ 60. Kd2 Qf2+ 61. Kd3 Rg3+ 62. Kc4 Qc5+ 63. Kb3 Rxc3+ 64. bxc3 Qxd5+ 65. Kb2 Kb7 66. Qe8 b5 67. a4 b4 68. cxb4 axb4 69. Qd7 Qd2+ 70. Kb3 Qc3+ 71. Ka2 e4 72. Qb5+ Ka7 73. Qa5+ Kb8 74. Qb5+ Kc8 75. Qe8+ Kb7 76. Qb5+ Ka8 77. Qa5+ Kb8 78. Qb5+ Kc8 79. Qe8+ Kb7 80. Qb5+ 1/2-1/2

[Event "Titled Tuesday intern op 23rd Jan Early"]
[Site "Chess.com INT"]
[Date "2024.01.23"]
[Round "1"]
[White "Bauyrzhan, Arnash"]
[Black "Sakun, Volodymyr"]
[Result "1/2-1/2"]
[WhiteElo "2029"]
[BlackElo "2356"]
[PlyCount "124"]
[EventDate "2024.01.23"]
[EventType "swiss (blitz)"]
[EventRounds "11"]
[EventCountry "USA"]
[SourceTitle "EXT 2025"]
[Source "ChessBase"]
[SourceDate "2024.10.14"]
[SourceVersion "1"]
[SourceVersionDate "2024.10.14"]
[SourceQuality "1"]

1. e4 d6 2. d4 Nf6 3. Bd3 e5 4. Nf3 exd4 5. Nxd4 g6 6. 0-0 Bg7 7. c3 0-0 8. f3 Nc6 9. Be3 d5 10. Nxc6 bxc6 11. Nd2 Rb8 12. Qc2 a5 13. Rad1 Re8 14. Bd4 Be6 15. Nb3 Ra8 16. Nc5 Qe7 17. Rfe1 Nd7 18. Nxe6 fxe6 19. exd5 cxd5 20. Bxg7 Kxg7 21. Bb5 Qd6 22. Bxd7 Qxd7 23. Qf2 e5 24. Qc5 c6 25. c4 Rad8 26. cxd5 cxd5 27. Qxa5 Re6 28. Qc3 Qe7 29. a4 Qa7+ 30. Kh1 d4 31. Qc4 Rdd6 32. Qb5 Kf6 33. f4 exf4 34. Rxe6+ Rxe6 35. Rf1 g5 36. h4 h6 37. hxg5+ hxg5 38. Qd5 Qb6 39. a5 Qd6 40. Qxd6 Rxd6 41. b4 Ra6 42. Rd1 Ke5 43. Kg1 Kd5 44. Kf2 Kc4 45. Kf3 Rd6 46. Kg4 Kxb4 47. a6 Kc3 48. a7 Ra6 49. Kxg5 Rxa7 50. Kxf4 d3 51. g4 d2 52. g5 Kc2 53. Rxd2+ Kxd2 54. g6 Kd3 55. Kf5 Kd4 56. Kf6 Kd5 57. g7 Ra6+ 58. Kf7 Ra7+ 59. Kf8 Ra8+ 60. Kf7 Ra7+ 61. Kf6 Ra6+ 62. Kf7 Ra7+ 1/2-1/2

[Event "Titled Tuesday intern op 23rd Jan Early"]
[Site "Chess.com INT"]
[Date "2024.01.23"]
[Round "2"]
[White "Sakun, Volodymyr"]
[Black "Fabris, Alberto"]
[Result "1/2-1/2"]
[WhiteElo "2356"]
[BlackElo "2230"]
[PlyCount "87"]
[EventDate "2024.01.23"]
[EventType "swiss (blitz)"]
[EventRounds "11"]
[EventCountry "USA"]
[SourceTitle "EXT 2025"]
[Source "ChessBase"]
[SourceDate "2024.10.14"]
[SourceVersion "1"]
[SourceVersionDate "2024.10.14"]
[SourceQuality "1"]

1. e4 c5 2. Nf3 Nc6 3. b3 d5 4. exd5 Qxd5 5. Bb2 Nf6 6. Bc4 Qd6 7. 0-0 Bg4 8. h3 Bh5 9. Be2 e6 10. Na3 Be7 11. Nc4 Qc7 12. Nce5 Nxe5 13. Nxe5 Bxe2 14. Qxe2 0-0 15. d3 Nd5 16. Rae1 Bf6 17. f4 Ne7 18. g4 Nc6 19. g5 Bxe5 20. fxe5 Nd4 21. Qg2 Qc6 22. Qxc6 Nxc6 23. Re4 Rad8 24. a4 Rd5 25. Kf2 Rfd8 26. Ke2 Nd4+ 27. Bxd4 cxd4 28. Kd2 R8d7 29. Rff4 Rd8 30. h4 R8d7 31. Rg4 Kf8 32. h5 Rd8 33. h6 g6 34. Rgf4 R8d7 35. Re2 Ke8 36. Ree4 Kd8 37. Rf3 Re7 38. c3 dxc3+ 39. Kxc3 Rc7+ 40. Kd2 Rcd7 41. Kc3 Rc7+ 42. Kd2 Rcd7 43. Ke2 Rc7 44. Kd2 1/2-1/2

[Event "Titled Tuesday intern op 23rd Jan Early"]
[Site "Chess.com INT"]
[Date "2024.01.23"]
[Round "7"]
[White "Sakun, Volodymyr"]
[Black "Kiseleva, Simona"]
[Result "0-1"]
[WhiteElo "2356"]
[BlackElo "2174"]
[PlyCount "112"]
[EventDate "2024.01.23"]
[EventType "swiss (blitz)"]
[EventRounds "11"]
[EventCountry "USA"]
[SourceTitle "EXT 2025"]
[Source "ChessBase"]
[SourceDate "2024.10.14"]
[SourceVersion "1"]
[SourceVersionDate "2024.10.14"]
[SourceQuality "1"]

1. e4 c5 2. Nf3 Nc6 3. c3 d5 4. e5 Bg4 5. Bb5 e6 6. 0-0 Qc7 7. d4 a6 8. Bxc6+ bxc6 9. dxc5 Bxc5 10. Nbd2 Ne7 11. h3 Bh5 12. Qa4 0-0 13. Qh4 Bg6 14. Re1 h6 15. Qf4 f5 16. Nb3 Bb6 17. Nbd4 Qd7 18. b4 c5 19. bxc5 Bxc5 20. g4 fxg4 21. Qxg4 Bf5 22. Qg3 Kh7 23. Kh2 Ng6 24. Rg1 Be4 25. Nd2 Qf7 26. f3 Bf5 27. N2b3 Bb6 28. Be3 Rac8 29. Bd2 a5 30. a4 Bd8 31. Qe1 Nxe5 32. Qxe5 Bc7 33. Bf4 Bxe5 34. Bxe5 g5 35. f4 Rxc3 36. Nxf5 Qxf5 37. Bxc3 Qxf4+ 38. Rg3 Qf2+ 39. Rg2 Qb6 40. Nd4 Qc5 41. Rc1 Qd6+ 42. Kh1 e5 43. Nb5 Qb6 44. Bxe5 Kg6 45. Rgc2 Kh5 46. Nd4 Qg6 47. Re1 Rf5 48. Nxf5 Qxf5 49. Rc3 d4 50. Rc5 d3 51. Rd5 Qf3+ 52. Kg1 Qxd5 53. Bc3 Qc5+ 54. Kf1 Qxc3 55. Rd1 Qc2 56. Ke1 Qe2# 0-1